00792nam a2200217Ia 4500003000900000008004100009020002100050040001600071080002000087111006500107245017800172260004000350300001600390490001600406650004100422650003900463650000800502700001800510700001900528710002700547IN-BaIIA211028s9999 xx 000 0 eng d a0379-6566 (ISSN) cIIA Library a52-76(063)bESA aUltraviolet Explorer Conferencen3rdcSpaind1982 May 10-13 0aThird european IUE conferencebproceedings of the third International Ultraviolet explorer conference, Madrid, Spain, 10-13 May 1982 cedited by E. Rolfe and A. Heck  aFrancebEuropean Space Agencyc1982 axiii, 621p. aESA SP; 176 aAstronomy and astrophysics thesaurus aInternational ultraviolet explorer aIUE aHeck, A., ed. aRolfe, E., ed. aEuropean Space Agency